00718nam a2200205 a 450000100100000000500170001000800410002704000130006808200180008110000190009924501080011825000120022626000360023830000270027450000210030150000510032250400380037365000270041171000740043800000627020250715131054.0090827s2005 dr a 001 0 spa d aDO-SdBNP a370.11bA372h1 aAleth, Kirsten10aHerramientas para la educación ambiental :bmanual de apoyo para la capacitación. /cKirsten Aleth. a2a. ed. aSanto Domingo :bCEDECO,c2005. a99 p. :bil. ;c27 cm. aIncluye índice aIncluye una nota al pie de la página (p. 11) aIncluye bibliografía (p.98- 99) 0aEducación ambiental 1 aCentro Dominicano De educación Ecológica (República Dominicana)